Návrh opatrení na využitie nástrojov marketingového mixu pre vybraný produktový rad v TATRACHEME VD

Na minha lista:
Detalhes bibliográficos
Autor principal: Sorát, Matúš (Author)
Outros Autores: Babčanová, Dagmar (Thesis advisor)
Formato: Manuscrito Livro
Idioma:eslovaco
Publicado em: 2017
Assuntos:
Acesso em linha:http://is.stuba.sk/zp/portal_zp.pl?podrobnosti=114997
Tags: Adicionar Tag
Sem tags, seja o primeiro a adicionar uma tag!

MARC

LEADER 00000ntm a22000003a 4500
001 stuzp62197
003 SK-STU
005 20170701210506.7
007 ta
008 150427s2015----xo-----f-mn---000-0-slo-d
040 |a STU  |b slo 
041 0 |a slo 
100 1 |a Sorát, Matúš  |u 064000  |4 aut  |U MTF Materiálovotechnologická fakulta  |T MTF Ústav priemyselného inžinierstva a manažmentu  |X 73347  |U M4000  |Y 84  |7 73347 
242 0 1 |a Proposal for measures to use the marketing mix tools for the selected product line in TATRACHEME VD  |y eng 
245 1 0 |a Návrh opatrení na využitie nástrojov marketingového mixu pre vybraný produktový rad v TATRACHEME VD 
260 |c 2017 
650 4 |a marketing  |2 slo 
650 4 |a marketingový mix  |2 slo 
650 4 |a marketingová stratégia  |2 slo 
650 4 |a marketing  |2 eng 
650 4 |a marketing mix  |2 eng 
650 4 |a marketing strategy  |2 eng 
700 1 |a Babčanová, Dagmar  |u 064000  |k Z1  |4 ths  |U MTF Materiálovotechnologická fakulta  |T MTF Ústav priemyselného inžinierstva a manažmentu  |X 2819  |U M4000  |Y 84  |7 A000002819 
856 4 |u http://is.stuba.sk/zp/portal_zp.pl?podrobnosti=114997 
996 |c M* BP-7937  |l MMSKP  |s P  |a 0  |w stuzp62197_0001